[Event "27.Bayer.Senioren-EM2015"]
[Site ""]
[Date "2015.06.15"]
[Round "8.40"]
[White "Aufmwasser, Guenter"]
[Black "Garms, Ilse"]
[Result "1-0"]
[WhiteElo "1494"]
[BlackElo "1553"]
[PlyCount "107"]
[EventDate "2015.??.??"]
[WhiteTeam "SV Hilden"]
[BlackTeam "ESV Eberswalde"]

1. f4 d5 2. Nf3 c5 3. e3 Nf6 4. b3 Bg4 5. Bb2 e6 6. Bb5+ Nc6 7. O-O Be7 8. d3
a6 9. Bxc6+ bxc6 10. Nbd2 Bxf3 11. Nxf3 O-O 12. Ne5 Qc7 13. Qe1 Ne8 14. Bc3 f6
15. Ba5 Qc8 16. Nf3 Rf7 17. g4 Ra7 18. Rd1 g6 19. e4 Rd7 20. e5 Rg7 21. Kh1 Bd8
22. c4 Be7 23. Qe2 Rb7 24. Rg1 d4 25. Rdf1 Rf7 26. Bd2 Bf8 27. h3 Ng7 28. exf6
Rxf6 29. Ne5 Bd6 30. Qe4 Bxe5 31. Qxe5 Qf8 32. Rf3 Rd7 33. Rgf1 h5 34. Be1 Ne8
35. Bh4 hxg4 36. Bxf6 gxf3 37. Qxe6+ Qf7 38. Qxf7+ Rxf7 39. Bg5 Nc7 40. Rxf3
Ne6 41. Kg2 Rf5 42. Kg3 Kg7 43. h4 Rf7 44. Rf1 Nxg5 45. hxg5 Re7 46. Kf2 Kf7
47. Re1 Re6 48. Rxe6 Kxe6 49. Kf3 Kf5 50. a3 a5 51. a4 Ke6 52. Ke4 Kd6 53. f5
gxf5+ 54. Kxf5 1-0

[Event "27.Bayer.Senioren-EM2015"]
[Site ""]
[Date "2015.06.15"]
[Round "8.41"]
[White "Urytskyy, Arkadiy"]
[Black "Jagdhuber, Hans"]
[Result "1/2-1/2"]
[WhiteElo "2078"]
[BlackElo "1906"]
[PlyCount "102"]
[EventDate "2015.??.??"]
[WhiteTeam "TSV Bindlach"]
[BlackTeam "SK Keres-Augsburg"]

1. Nf3 d5 2. c4 c6 3. b3 Nf6 4. g3 Bf5 5. Bg2 e6 6. O-O Nbd7 7. d3 h6 8. Nbd2
Be7 9. Bb2 Bh7 10. e4 Nc5 11. e5 Nfd7 12. d4 Nd3 13. Bc3 O-O 14. Ne1 c5 15.
cxd5 cxd4 16. Bxd4 N7xe5 17. Bxe5 Nxe5 18. dxe6 fxe6 19. Bxb7 Rb8 20. Be4 Bxe4
21. Nxe4 Rb4 22. Nc3 Bc5 23. Qxd8 Rxd8 24. Rd1 Rxd1 25. Nxd1 Rd4 26. Nc3 Rd2
27. Ne4 Rd5 28. Nxc5 Rxc5 29. f4 Ng4 30. h3 Ne3 31. Rf2 Rc1 32. Re2 Nf5 33. Kf2
Ra1 34. Nf3 Nd6 35. Nd4 Kf7 36. Nxe6 Nb5 37. f5 Nc3 38. Rc2 Rxa2 39. Rxa2 Nxa2
40. Ke3 Kf6 41. g4 g6 42. Nd4 gxf5 43. Nxf5 h5 44. Kf4 hxg4 45. Kxg4 Nc1 46.
Nd4 Nd3 47. Nc6 Nf2+ 48. Kg3 Ne4+ 49. Kf3 Nd2+ 50. Kg4 Nxb3 51. Nxa7 Nc1
1/2-1/2

[Event "27.Bayer.Senioren-EM2015"]
[Site ""]
[Date "2015.06.15"]
[Round "8.42"]
[White "Steffl, Herbert"]
[Black "Sandner, Josef"]
[Result "1-0"]
[WhiteElo "1539"]
[BlackElo "1507"]
[PlyCount "65"]
[EventDate "2015.??.??"]
[WhiteTeam "ASV J'Adoube Grassau"]
[BlackTeam "SG Traunstein/Traunreut"]

1. Nf3 d5 2. c4 e6 3. d4 f5 4. cxd5 exd5 5. Bg5 Nf6 6. Nc3 c6 7. e3 Bd6 8. Bd3
O-O 9. Qc2 g6 10. h4 Qe8 11. O-O-O Ne4 12. Bh6 Rf6 13. Bg5 Rf7 14. h5 Nxg5 15.
Nxg5 Rg7 16. hxg6 hxg6 17. Qe2 Be7 18. f4 Bxg5 19. fxg5 Be6 20. Qf3 Nd7 21. Rh6
Nf8 22. Rdh1 Nh7 23. Qf4 Qe7 24. Nd1 Rf8 25. Nf2 Qc7 26. Qxc7 Rxc7 27. Rxg6+
Kf7 28. Rxh7+ Kxg6 29. Rxc7 Bc8 30. g4 Kxg5 31. gxf5 Bxf5 32. Rxb7 Bc8 33. Rc7
1-0

[Event "27.Bayer.Senioren-EM2015"]
[Site ""]
[Date "2015.06.15"]
[Round "8.43"]
[White "Stephan, Hubert"]
[Black "Jehn, Detlef"]
[Result "1-0"]
[WhiteElo "1527"]
[BlackElo "1486"]
[PlyCount "103"]
[EventDate "2015.??.??"]
[WhiteTeam "SC Prien"]
[BlackTeam "SF Bad Reichenhall"]

1. e4 e5 2. Bc4 Nf6 3. d3 h6 4. c3 d6 5. Nd2 a6 6. Ngf3 c6 7. Bb3 b5 8. Nf1 a5
9. a3 Qb6 10. Be3 Qb7 11. Ng3 Be7 12. h3 c5 13. O-O Be6 14. Nf5 Bxf5 15. exf5
Qd7 16. Bc2 Nc6 17. Qd2 Nh7 18. Rad1 Qxf5 19. d4 Qh5 20. dxc5 Ng5 21. Nxg5 Bxg5
22. Qxd6 Ne7 23. Qxe5 O-O 24. Bxg5 Qxg5 25. Rfe1 Nc6 26. Qe4 Qg6 27. Qxg6 fxg6
28. Re6 Rf6 29. Rde1 Kh7 30. Rxf6 gxf6 31. Re6 Ne5 32. Rxf6 Rc8 33. f4 Nc4 34.
Rxg6 Rf8 35. Rf6+ Kg7 36. Rxf8 Kxf8 37. c6 Ke7 38. Bd3 Nd6 39. Kf2 Kd8 40. Be2
Kc7 41. Bf3 Nc4 42. f5 Nxb2 43. f6 Nd3+ 44. Kg3 Ne5 45. Kf4 Nf7 46. h4 Kd6 47.
Bh5 Nd8 48. f7 Nxf7 49. Bxf7 Kxc6 50. g4 Kc5 51. g5 hxg5+ 52. hxg5 1-0

[Event "27.Bayer.Senioren-EM2015"]
[Site ""]
[Date "2015.06.15"]
[Round "8.44"]
[White "Braeu, Emmi"]
[Black "Wraga, Hermann"]
[Result "0-1"]
[WhiteElo "1321"]
[BlackElo "1445"]
[PlyCount "50"]
[EventDate "2015.??.??"]
[WhiteTeam "SK Marktoberdorf"]
[BlackTeam "SG Osnabrück"]

1. Nf3 d6 2. g3 g6 3. Bg2 Bg7 4. c4 f5 5. d4 Nf6 6. O-O O-O 7. Nc3 c6 8. Bf4 h6
9. Qc2 g5 10. Be3 Qe8 11. Rad1 Na6 12. a3 Nc7 13. Bc1 Qg6 14. Nd2 Bd7 15. e4 f4
16. Qb3 Rab8 17. c5+ Kh8 18. cxd6 exd6 19. e5 dxe5 20. dxe5 Ng4 21. Nc4 Be6 22.
Qb4 f3 23. Bh1 Qh5 24. Rfe1 Qxh2+ 25. Kf1 Qxf2# 0-1

[Event "27.Bayer.Senioren-EM2015"]
[Site ""]
[Date "2015.06.15"]
[Round "8.45"]
[White "Wilfert, Eva-Maria"]
[Black "Jurgan, Brigitte"]
[Result "0-1"]
[WhiteElo "1389"]
[BlackElo "1236"]
[PlyCount "98"]
[EventDate "2015.??.??"]
[WhiteTeam "PTSV SK Hof"]
[BlackTeam "ASV J'Adoube Grassau"]

1. e4 e5 2. Nf3 d6 3. d4 Nc6 4. d5 Nb8 5. c4 Bg4 6. Be2 Bxf3 7. Bxf3 b6 8. Be3
g6 9. O-O Bg7 10. Qd2 Nf6 11. Bh6 O-O 12. Bxg7 Kxg7 13. Nc3 a6 14. Rac1 Nbd7
15. b4 a5 16. b5 Nc5 17. Rfe1 Rh8 18. g4 h5 19. g5 Nfd7 20. Kh1 h4 21. Rg1 a4
22. h3 Nf8 23. Rg2 Qc8 24. Kh2 a3 25. Bg4 Qd8 26. Be2 Nfd7 27. Rf1 Qe7 28. f4
exf4 29. Rxf4 Qe5 30. Kh1 Raf8 31. Rgg4 Rh5 32. Rxh4 Rxh4 33. Rxh4 Rh8 34. Rxh8
Kxh8 35. Qe3 f6 36. gxf6 Qxf6 37. Qh6+ Kg8 38. Qe3 Kg7 39. Kg2 Nf8 40. Qf3 Qe5
41. Qe3 Nh7 42. Qg3 Qf6 43. Bd3 Qxc3 44. Bb1 Qb2+ 45. Qf2 Qxb1 46. Qd4+ Nf6 47.
e5 dxe5 48. Qxe5 Qe4+ 49. Qxe4 Nfxe4 0-1

[Event "27.Bayer.Senioren-EM2015"]
[Site ""]
[Date "2015.06.15"]
[Round "8.46"]
[White "Hartlaub, Marianne"]
[Black "Rudek, Gerald"]
[Result "0-1"]
[WhiteElo "1367"]
[BlackElo "1453"]
[PlyCount "84"]
[EventDate "2015.??.??"]
[WhiteTeam "SK Klingenberg"]
[BlackTeam "SC Feuchtwangen"]

1. Nf3 f5 2. g3 Nf6 3. d3 e6 4. Bg2 c6 5. b3 d6 6. O-O Be7 7. c4 O-O 8. Bb2 Qc7
9. e3 Nbd7 10. Nc3 h6 11. h3 Nh7 12. d4 Kh8 13. Rc1 Ndf6 14. Re1 Bd7 15. Nh4
Be8 16. d5 Qd7 17. e4 fxe4 18. dxc6 bxc6 19. Nxe4 e5 20. Kh2 Nh5 21. Bf3 N5f6
22. Nxf6 Nxf6 23. Qd3 e4 24. Bxe4 Nxe4 25. f3 Ng5 26. g4 Ne6 27. Nf5 Bg6 28.
Bxg7+ Nxg7 29. Qd4 Bxf5 30. gxf5 Bf6 31. Qd3 Nxf5 32. Rcd1 Rad8 33. Rg1 Be5+
34. Kh1 Ng3+ 35. Rxg3 Bxg3 36. Kg2 Rg8 37. Qd4+ Be5+ 38. Kf2 Bxd4+ 39. Rxd4
Qxh3 40. Rd3 Rg2+ 41. Ke3 Qe6+ 42. Kd4 Qe5# 0-1

[Event "27.Bayer.Senioren-EM2015"]
[Site ""]
[Date "2015.06.15"]
[Round "8.47"]
[White "Schubert, Juergen"]
[Black "Malik, Rosemarie"]
[Result "0-1"]
[WhiteElo "1124"]
[BlackElo "1285"]
[PlyCount "64"]
[EventDate "2015.??.??"]
[WhiteTeam "Münchener SC"]
[BlackTeam "SK Großweil"]

1. d4 Nf6 2. Bf4 e6 3. e3 d5 4. Nd2 Be7 5. c4 c5 6. Ngf3 Nc6 7. Be2 O-O 8. O-O
b6 9. a3 Bb7 10. cxd5 Nxd5 11. Bg3 cxd4 12. exd4 Bf6 13. Ne4 Be7 14. Ne5 Nxe5
15. dxe5 Rc8 16. f4 Ne3 17. Qxd8 Rfxd8 18. Rf3 Nf5 19. Bd3 Bxe4 20. Bxe4 Nd4
21. Rf2 Bc5 22. Kh1 Nb3 23. Rg1 Bxf2 24. Bxf2 Rd2 25. Be3 Re2 26. Bb7 Rd8 27.
Bc1 Rc2 28. h3 Rxc1 29. Rxc1 Nxc1 30. b4 Nd3 31. b5 Nxf4 32. a4 Nd3 0-1

[Event "27.Bayer.Senioren-EM2015"]
[Site ""]
[Date "2015.06.15"]
[Round "8.48"]
[White "Schwarzmeier, Christine"]
[Black "Walther, Renate"]
[Result "1-0"]
[WhiteElo "868"]
[BlackElo "837"]
[PlyCount "27"]
[EventDate "2015.??.??"]
[WhiteTeam "TV Riedenburg"]
[BlackTeam "SK Herzogenaurach"]

1. e4 e5 2. Nf3 d5 3. Nxe5 Bd6 4. Ng4 Nf6 5. e5 Bxe5 6. Nxe5 Qe7 7. d4 O-O 8.
Be2 Nbd7 9. Bf4 b6 10. O-O Bb7 11. Nc3 a6 12. Re1 c5 13. Bg4 Bc8 14. Nxd7 1-0

[Event "27.Bayer.Senioren-EM2015"]
[Site ""]
[Date "2015.06.15"]
[Round "9.1"]
[White "Goy, Udo"]
[Black "Roeder, Frank"]
[Result "0-1"]
[WhiteElo "2084"]
[BlackElo "2184"]
[PlyCount "120"]
[EventDate "2015.??.??"]
[WhiteTeam "Ford SF Köln"]
[BlackTeam "SV Altensittenbach"]

1. d4 d5 2. Nf3 Nf6 3. c4 c6 4. e3 Bf5 5. Nc3 e6 6. Be2 Nbd7 7. O-O Ne4 8. Bd3
Bg6 9. Qc2 f5 10. Rb1 Bd6 11. b4 a6 12. a4 O-O 13. b5 axb5 14. axb5 Bh5 15. Be2
Qc7 16. g3 Nxc3 17. Qxc3 cxb5 18. c5 b6 19. Ba3 Rfc8 20. Rfc1 bxc5 21. dxc5
Nxc5 22. Rxb5 Ne4 23. Qxc7 Rxc7 24. Rxc7 Bxc7 25. Bb2 Rb8 26. Rxb8+ Bxb8 27.
Kg2 Bd6 28. Bb5 Kf7 29. Ne5+ Bxe5 30. Bxe5 Nd2 31. f4 Bd1 32. Kf2 Nf3 33. h4
Nxe5 34. fxe5 h6 35. Bd7 Ke7 36. Bc8 Bh5 37. Ke1 Bf7 38. Kf2 Kd8 39. Ba6 Kc7
40. Kf3 Kb6 41. Bc8 Kc7 42. Ba6 Be8 43. Kf4 g6 44. g4 Bd7 45. g5 h5 46. Be2 Kc6
47. Bf1 Kc5 48. Ba6 Kb6 49. Bf1 Bb5 50. Bg2 Kc5 51. Bf3 Kc4 52. Be2+ Kb4 53.
Bd1 Kc3 54. Bf3 Kd2 55. Bg2 Ke2 56. Bh1 Kf2 57. Bf3 Be2 58. Bh1 Bd1 59. Be4 d4
60. Bxf5 dxe3 0-1

[Event "27.Bayer.Senioren-EM2015"]
[Site ""]
[Date "2015.06.15"]
[Round "9.5"]
[White "Walther, Reinhard"]
[Black "Blodig, Reinhard"]
[Result "1/2-1/2"]
[WhiteElo "1942"]
[BlackElo "1999"]
[PlyCount "34"]
[EventDate "2015.??.??"]
[WhiteTeam "SK Herzogenaurach"]
[BlackTeam "TV Riedenburg"]

1. d4 Nf6 2. Bg5 c5 3. d5 Ne4 4. Bf4 g6 5. f3 Nf6 6. e4 Bg7 7. Nc3 O-O 8. Qd2
d6 9. h4 Nh5 10. Nge2 b5 11. Bh6 b4 12. Bxg7 Nxg7 13. Nd1 e5 14. g4 f5 15. gxf5
gxf5 16. Ne3 f4 17. Nc4 Rf6 1/2-1/2

[Event "27.Bayer.Senioren-EM2015"]
[Site ""]
[Date "2015.06.15"]
[Round "9.6"]
[White "Kochseder, Georg"]
[Black "Siegmund, Rainer"]
[Result "0-1"]
[WhiteElo "1871"]
[BlackElo "1991"]
[PlyCount "46"]
[EventDate "2015.??.??"]
[WhiteTeam "TV Hallstadt"]
[BlackTeam "SV Dresden-Striesen"]

1. e4 c5 2. Nf3 Nc6 3. Nc3 e5 4. d3 Nf6 5. Bg5 Be7 6. Bxf6 Bxf6 7. Nd5 d6 8. c3
Be6 9. Be2 O-O 10. Nxf6+ Qxf6 11. c4 a6 12. O-O b5 13. b3 b4 14. Qd2 h6 15. h3
a5 16. Bd1 Bd7 17. Nh2 Ra7 18. Bg4 Be6 19. Rad1 a4 20. f4 exf4 21. Qxf4 Qxf4
22. Rxf4 axb3 23. axb3 Nd4 0-1

[Event "27.Bayer.Senioren-EM2015"]
[Site ""]
[Date "2015.06.15"]
[Round "9.8"]
[White "Hein, Manfred"]
[Black "Urytskyy, Arkadiy"]
[Result "0-1"]
[WhiteElo "1850"]
[BlackElo "2078"]
[PlyCount "112"]
[EventDate "2015.??.??"]
[WhiteTeam "FC Gunzenhausen"]
[BlackTeam "TSV Bindlach"]

1. e4 c5 2. Nf3 d6 3. d4 cxd4 4. Nxd4 g6 5. c3 Bg7 6. Be2 Nf6 7. Nd2 Nc6 8.
Nxc6 bxc6 9. O-O O-O 10. f4 Rb8 11. g3 Qb6+ 12. Kg2 Rd8 13. Bf3 Ba6 14. Re1 e5
15. Qb3 Qc7 16. Qa3 Bc8 17. fxe5 dxe5 18. Nf1 Bf8 19. Qa4 Be6 20. Qc2 Qb6 21.
b3 h6 22. Be3 Qc7 23. Rad1 a5 24. Rxd8 Rxd8 25. Rd1 Rb8 26. c4 Qc8 27. Qd2 Ng4
28. Bg1 Bb4 29. Qc1 a4 30. a3 Bf8 31. b4 Qa6 32. c5 h5 33. h3 Bh6 34. Qc3 Bg7
35. Re1 Nf6 36. Qxe5 Nd7 37. Qd6 Bc3 38. Re3 Bxh3+ 39. Kxh3 Qxf1+ 40. Kh2 Be5
41. Qxd7 Bxg3+ 42. Kxg3 Qxg1+ 43. Kf4 g5+ 44. Kf5 Qxe3 45. Qd6 Qxf3+ 46. Kxg5
Qg4+ 47. Kf6 Qg6+ 48. Ke7 Qxe4+ 49. Kf6 Qe6+ 50. Qxe6 fxe6 51. Kxe6 h4 52. Kd7
h3 53. Kxc6 h2 54. Kc7 Rf8 55. b5 h1=Q 56. c6 Qh2+ 0-1

[Event "27.Bayer.Senioren-EM2015"]
[Site ""]
[Date "2015.06.15"]
[Round "9.9"]
[White "Korth, Manfred"]
[Black "Roeder, Gerd"]
[Result "0-1"]
[WhiteElo "1833"]
[BlackElo "2047"]
[PlyCount "84"]
[EventDate "2015.??.??"]
[WhiteTeam "SC Heideck-Hilpoltstein"]
[BlackTeam "SV Altensittenbach"]

1. Nf3 d5 2. d4 Nf6 3. Bf4 Bf5 4. e3 e6 5. c4 c6 6. Be2 Be7 7. h3 h6 8. O-O O-O
9. Nc3 Nbd7 10. Qb3 Qb6 11. c5 Qxb3 12. axb3 a6 13. Ne1 Ne4 14. Nxe4 Bxe4 15.
Bd3 e5 16. Bxe4 dxe4 17. Bg3 exd4 18. exd4 f5 19. f4 Rad8 20. Nc2 Nf6 21. Bh4
Rd7 22. Rad1 Rfd8 23. b4 Nd5 24. Bxe7 Rxe7 25. Rde1 g6 26. g3 h5 27. Kf2 h4 28.
Kg2 hxg3 29. Kxg3 Rh7 30. Re2 Kf7 31. Rh2 Nf6 32. Rhf2 Rdh8 33. Rh2 Ng4 34.
Rhh1 e3 35. Kg2 Nf2 36. Rh2 Nxh3 37. Kg3 Rh5 38. Nxe3 Nxf4 39. Rxh5 Nxh5+ 40.
Kf3 Nf6 41. Nc4 Ne4 42. Na5 Nd2+ 0-1

[Event "27.Bayer.Senioren-EM2015"]
[Site ""]
[Date "2015.06.15"]
[Round "9.10"]
[White "Pidtoptanyy, Igor"]
[Black "Strecker, Gerhard"]
[Result "0-1"]
[WhiteElo "1823"]
[BlackElo "1930"]
[PlyCount "74"]
[EventDate "2015.??.??"]
[WhiteTeam "SW Nürnberg Süd"]
[BlackTeam "SC Starnberg"]

1. e4 c5 2. Nf3 Nc6 3. c3 Nf6 4. e5 Nd5 5. d4 cxd4 6. cxd4 e6 7. Bc4 Nb6 8. Bb3
d5 9. O-O Be7 10. Nc3 O-O 11. a3 Bd7 12. Bc2 f5 13. exf6 Bxf6 14. Qd3 g6 15.
Bh6 Rf7 16. Rfe1 Nc4 17. b3 Nd6 18. Ne5 Bxe5 19. dxe5 Nf5 20. Bd2 Ncd4 21. Bd1
Qb6 22. Be3 Nxe3 23. Qxe3 Raf8 24. Ra2 Bc6 25. Rd2 Rf4 26. f3 Nxf3+ 27. gxf3 d4
28. Qf2 dxc3 29. Qxb6 cxd2 30. Qe3 dxe1=Q+ 31. Qxe1 Bxf3 32. Bxf3 Rxf3 33. Qb4
R8f5 34. Qb5 Rg5+ 35. Kh1 Re3 36. Qe8+ Kg7 37. Qe7+ Kh6 0-1

[Event "27.Bayer.Senioren-EM2015"]
[Site ""]
[Date "2015.06.15"]
[Round "9.11"]
[White "Reimann, Guenther"]
[Black "Lehr, Thomas"]
[Result "1/2-1/2"]
[WhiteElo "1803"]
[BlackElo "1895"]
[PlyCount "63"]
[EventDate "2015.??.??"]
[WhiteTeam "SC Magstadt"]
[BlackTeam "Husumer SV"]

1. c4 Nf6 2. Nf3 d6 3. d3 e5 4. Nc3 c6 5. g3 Be7 6. Bg2 O-O 7. O-O Nbd7 8. a3
a5 9. e4 Nc5 10. Qc2 a4 11. Rb1 Qa5 12. Be3 Nfd7 13. Rfd1 Ne6 14. d4 exd4 15.
Nxd4 Nxd4 16. Bxd4 Ne5 17. c5 Be6 18. Qc1 Nc4 19. cxd6 Nxd6 20. Qf4 Rfd8 21.
Bf1 Bb3 22. Qg4 Qg5 23. Qxg5 Bxg5 24. Re1 Bd2 25. Re2 Nc4 26. Be3 Bc2 27. Bxd2
Nxd2 28. Rc1 Bb3 29. Re3 Nxf1 30. Kxf1 Rd2 31. Re2 Bc4 32. Ke1 1/2-1/2

[Event "27.Bayer.Senioren-EM2015"]
[Site ""]
[Date "2015.06.15"]
[Round "9.12"]
[White "Gerhards, Walter"]
[Black "Glueck, Josef"]
[Result "1-0"]
[WhiteElo "1756"]
[BlackElo "1891"]
[PlyCount "135"]
[EventDate "2015.??.??"]
[WhiteTeam "Ratinger SK"]
[BlackTeam "SG Traunstein/Traunreut"]

1. e4 c5 2. Nf3 a6 3. g3 Nc6 4. Bg2 e5 5. O-O Nf6 6. Re1 d6 7. c3 Bg4 8. d3 Qd7
9. Nbd2 Be7 10. Nf1 O-O 11. Ne3 Bh3 12. Bd2 Bxg2 13. Kxg2 g6 14. h3 d5 15. exd5
Nxd5 16. Ng4 f6 17. Bh6 Rf7 18. Qd2 Rd8 19. Rad1 b5 20. Qc1 Nc7 21. Rd2 Ne6 22.
Red1 Qb7 23. Kg1 a5 24. Re2 b4 25. Qe3 Qc7 26. Red2 Qc8 27. Re2 a4 28. Qc1 a3
29. bxa3 bxc3 30. Qxc3 Ned4 31. Nxd4 Nxd4 32. Rb2 Qc6 33. Nh2 e4 34. Be3 f5 35.
Bxd4 Rxd4 36. Nf1 Bf6 37. Rb8+ Kg7 38. Qb3 c4 39. dxc4 Rxd1 40. Qxd1 Qxc4 41.
Qb3 Qc1 42. Kg2 f4 43. gxf4 Qxf4 44. Qg3 Qf3+ 45. Qxf3 exf3+ 46. Kg1 Be5 47.
Rb3 Rf5 48. Ng3 Rf4 49. Nf1 Rf5 50. Nd2 Bd6 51. a4 Ra5 52. Nc4 Rd5 53. Nxd6
Rxd6 54. Kh2 Rd2 55. Ra3 Rxf2+ 56. Kg3 Re2 57. Kxf3 Re6 58. a5 Ra6 59. Ke4 Kf6
60. Kd5 Ke7 61. Kc5 Kd8 62. Kb5 Ra8 63. a6 Kc8 64. Kb6 Rb8+ 65. Kc6 Ra8 66. a7
h6 67. Kb6 g5 68. Rf3 1-0

[Event "27.Bayer.Senioren-EM2015"]
[Site ""]
[Date "2015.06.15"]
[Round "9.14"]
[White "Neubauer, Jaroslaus"]
[Black "Braeu, Ludwig"]
[Result "1/2-1/2"]
[WhiteElo "1858"]
[BlackElo "1733"]
[PlyCount "43"]
[EventDate "2015.??.??"]
[WhiteTeam "SK Schweinfurt"]
[BlackTeam "SK Marktoberdorf"]

1. e4 c5 2. Nf3 Nc6 3. d4 cxd4 4. Nxd4 g6 5. Nc3 Bg7 6. Be3 Nf6 7. Be2 O-O 8.
O-O d5 9. exd5 Nxd5 10. Nxd5 Qxd5 11. Nxc6 bxc6 12. Qc1 Rb8 13. c3 Qa5 14. Rd1
Be6 15. b4 Qc7 16. Bd4 Rfd8 17. Qe3 Bxd4 18. Rxd4 Rxd4 19. Qxd4 Rd8 20. Qe3 Qb6
21. Qc1 c5 22. a3 1/2-1/2

[Event "27.Bayer.Senioren-EM2015"]
[Site ""]
[Date "2015.06.15"]
[Round "9.15"]
[White "Schroeter, Manfred"]
[Black "Zehfuss, Helmut"]
[Result "1/2-1/2"]
[WhiteElo "1855"]
[BlackElo "1716"]
[PlyCount "95"]
[EventDate "2015.??.??"]
[WhiteTeam "SC Falke Saerbeck"]
[BlackTeam "SG Traunstein/Traunreut"]

1. e4 g6 2. Nc3 Bg7 3. Bc4 d6 4. Nf3 Nf6 5. O-O e5 6. d4 Nbd7 7. dxe5 dxe5 8.
Qe2 c6 9. Rd1 Qc7 10. Bg5 h6 11. Bd2 O-O 12. Bb3 Nc5 13. Bc4 b5 14. Qe3 Ne6 15.
Bf1 Re8 16. a4 b4 17. Ne2 Bf8 18. Be1 a5 19. Nh4 Ba6 20. Qf3 Nd7 21. g3 Ndc5
22. Bd2 Ng5 23. Bxg5 hxg5 24. Ng2 Ne6 25. h4 gxh4 26. Nxh4 Be7 27. Qg4 Ng7 28.
Ng2 Bc8 29. Qf3 Ba6 30. Ne3 Nh5 31. Kg2 Bc8 32. Ng4 Be6 33. Ng1 Kg7 34. Ne3 Nf6
35. Bc4 Bc5 36. Bxe6 Rxe6 37. Nh3 Ree8 38. Ng5 Bxe3 39. Qxe3 Rad8 40. Rh1 Rh8
41. Qf3 Qe7 42. Rxh8 Rxh8 43. Rh1 Rxh1 44. Kxh1 Qd6 45. Qe2 Qd4 46. b3 Qd7 47.
Kg2 Qd4 48. f3 1/2-1/2

[Event "27.Bayer.Senioren-EM2015"]
[Site ""]
[Date "2015.06.15"]
[Round "9.16"]
[White "Klimpel, Siegfried"]
[Black "Knollmueller, Peter"]
[Result "0-1"]
[WhiteElo "1645"]
[BlackElo "1838"]
[PlyCount "32"]
[EventDate "2015.??.??"]
[WhiteTeam "TSV Kareth-Lappersdorf"]
[BlackTeam "SK Töging"]

1. e4 Nf6 2. e5 Nd5 3. d4 d6 4. Nf3 dxe5 5. Nxe5 c6 6. Bd3 Nd7 7. c4 Nxe5 8.
dxe5 Nb4 9. Be2 Bf5 10. Na3 Qxd1+ 11. Kxd1 O-O-O+ 12. Ke1 Nd3+ 13. Bxd3 Bxd3
14. b3 e6 15. Nb1 Bc5 16. Bg5 Bd4 0-1

[Event "27.Bayer.Senioren-EM2015"]
[Site ""]
[Date "2015.06.15"]
[Round "9.18"]
[White "Zschorsch, Peter"]
[Black "Baumgartner, Andreas"]
[Result "1/2-1/2"]
[WhiteElo "1772"]
[BlackElo "1677"]
[PlyCount "36"]
[EventDate "2015.??.??"]
[WhiteTeam "Karlsruher SF"]
[BlackTeam "ASV J'Adoube Grassau"]

1. e4 c6 2. d4 d5 3. Nc3 dxe4 4. Nxe4 Nd7 5. Bc4 e6 6. Nf3 Ngf6 7. Nxf6+ Nxf6
8. O-O Be7 9. Re1 O-O 10. c3 b5 11. Bd3 Bb7 12. Ne5 a6 13. Re3 g6 14. Rh3 c5
15. Be3 cxd4 16. cxd4 Qd5 17. Qf3 Qxf3 18. Nxf3 Nd5 1/2-1/2

[Event "27.Bayer.Senioren-EM2015"]
[Site ""]
[Date "2015.06.15"]
[Round "9.19"]
[White "Riegler, Markus"]
[Black "Wittkugel, Friedhelm"]
[Result "0-1"]
[WhiteElo "1609"]
[BlackElo "1768"]
[PlyCount "96"]
[EventDate "2015.??.??"]
[WhiteTeam "SK Mannheim-Lindenhof"]
[BlackTeam "SV Kamen"]

1. c4 e5 2. e4 Nf6 3. Nc3 Bc5 4. d3 d6 5. h3 h6 6. a3 a5 7. Nf3 Nc6 8. Be3 O-O
9. Bxc5 dxc5 10. g4 Nh7 11. Qd2 Qf6 12. Be2 Be6 13. Nd5 Bxd5 14. cxd5 Nd4 15.
Nxd4 cxd4 16. h4 g5 17. h5 c6 18. dxc6 Qxc6 19. Rc1 Qb6 20. O-O Nf6 21. Rc4
Rfc8 22. Rfc1 Rc6 23. Rxc6 bxc6 24. Kg2 Rc8 25. b4 axb4 26. Qxb4 Qxb4 27. axb4
Nd7 28. Bd1 Nb6 29. Bb3 Kf8 30. Rc5 f6 31. Be6 Rc7 32. b5 Ke7 33. Bd5 Kd6 34.
Rxc6+ Rxc6 35. bxc6 Na4 36. Kf3 Nc5 37. Ke2 Na6 38. Kd2 Nb4 39. f3 Kc7 40. Ke2
Nxc6 41. Bxc6 Kxc6 42. Kd2 Kb5 43. Kc2 Ka4 44. Kb2 Kb4 45. Kc2 Ka3 46. Kc1 Kb3
47. Kd2 Kb2 48. Kd1 Kc3 0-1

[Event "27.Bayer.Senioren-EM2015"]
[Site ""]
[Date "2015.06.15"]
[Round "9.20"]
[White "Klueber, Werner"]
[Black "Mahrla, Hans"]
[Result "0-1"]
[WhiteElo "1740"]
[BlackElo "1647"]
[PlyCount "92"]
[EventDate "2015.??.??"]
[WhiteTeam "SC Prichsenstadt"]
[BlackTeam "SC Eichenau"]

1. d4 Nf6 2. c4 e6 3. Nc3 d5 4. Nf3 a6 5. Bf4 Be7 6. e3 dxc4 7. Bxc4 b5 8. Bd3
Bb7 9. h3 Nbd7 10. O-O Rc8 11. Rc1 c5 12. dxc5 Nxc5 13. Be2 O-O 14. Ne5 Qxd1
15. Rfxd1 Rfd8 16. Rxd8+ Rxd8 17. Rd1 Rxd1+ 18. Bxd1 Nd5 19. Nxd5 Bxd5 20. a3
f6 21. Nf3 e5 22. Bg3 Nd3 23. b4 Nb2 24. Bc2 Nc4 25. Bb3 Nxe3 26. fxe3 Bxb3 27.
Nd2 Bd5 28. Bf2 e4 29. Bg3 Kf7 30. Kf2 Ke6 31. Bc7 f5 32. g3 Bf6 33. g4 g6 34.
gxf5+ gxf5 35. Bb6 Bb2 36. Bd4 Bxa3 37. Bc3 a5 38. bxa5 b4 39. Bd4 Kd6 40. Nb1
Bc1 41. Ke2 f4 42. exf4 Bxf4 43. a6 Bc4+ 44. Kf2 Bxa6 45. Ke1 Kd5 46. Bb2 Bc8
0-1

[Event "27.Bayer.Senioren-EM2015"]
[Site ""]
[Date "2015.06.15"]
[Round "9.21"]
[White "Bilyavskyy, Borys"]
[Black "Babichev, Vyacheslav"]
[Result "0-1"]
[WhiteElo "1807"]
[BlackElo "1683"]
[PlyCount "78"]
[EventDate "2015.??.??"]
[WhiteTeam "FC Ergolding"]
[BlackTeam "SW Nürnberg Süd"]

1. e4 e5 2. Nf3 Nc6 3. Bc4 Bc5 4. c3 Qe7 5. d3 d6 6. h3 Nf6 7. Bg5 O-O 8. Nbd2
Be6 9. Bb3 h6 10. Bh4 g5 11. Bg3 Kg7 12. Qc2 Nh5 13. O-O-O f5 14. exf5 Bxf5 15.
Ne4 Bb6 16. Qe2 Bg6 17. Nfd2 Na5 18. c4 Nxb3+ 19. Nxb3 a5 20. Nbd2 c6 21. Nc3
Nxg3 22. fxg3 Rf2 23. Qe1 Bxd3 24. g4 Bg6 25. Nde4 Rxg2 26. Qf1 Be3+ 27. Kb1
Rf2 28. Qe1 Bd4 29. Ka1 Rf4 30. Rf1 Raf8 31. Rxf4 gxf4 32. h4 Qe6 33. h5 Bh7
34. g5 hxg5 35. Nxg5 Qg4 36. Nxh7 Kxh7 37. Qe4+ Kh6 38. Ne2 Rg8 39. Qc2 Bc5 0-1

[Event "27.Bayer.Senioren-EM2015"]
[Site ""]
[Date "2015.06.15"]
[Round "9.22"]
[White "Flockerzi, Armin"]
[Black "Koenigl, Anton"]
[Result "1/2-1/2"]
[WhiteElo "1605"]
[BlackElo "1767"]
[PlyCount "78"]
[EventDate "2015.??.??"]
[WhiteTeam "VfR-SC Koblenz"]
[BlackTeam "FC Ergolding"]

1. Nf3 Nf6 2. d4 g6 3. g3 Bg7 4. Bg2 d6 5. Nbd2 Nbd7 6. b3 O-O 7. Bb2 Re8 8.
O-O c6 9. Re1 e5 10. dxe5 Nxe5 11. Nxe5 dxe5 12. e4 Qe7 13. Qe2 Bg4 14. Bf3
Bxf3 15. Nxf3 Nd7 16. Rad1 Rad8 17. Rd3 f6 18. Red1 Nb6 19. Qd2 Rxd3 20. Qxd3
Kf7 21. c4 Bf8 22. a3 Qe6 23. Kg2 Be7 24. Qc2 Rd8 25. Rxd8 Bxd8 26. c5 Nd7 27.
b4 Be7 28. Nd2 b6 29. cxb6 Nxb6 30. Qb3 Qxb3 31. Nxb3 Nc4 32. Bc1 Ke8 33. Kf1
Kd7 34. Ke2 Kc7 35. Kd3 Nd6 36. Be3 Nc8 37. f3 Bd6 38. g4 Be7 39. h3 Nb6
1/2-1/2